01322nam a2200349Ia 4500001001200000003000800012006001900020007001500039008004100054010001700095020002200112020002500134020001800159040002100177035002100198050002600219082001800245245007900263260004900342300003800391490004800429504005100477533015200528650002200680650001400702655002900716700001800745710001700763830004900780856012600829999001700955ebr10661646CaPaEBRm u cr cn|||||||||090717s2009 nyua sb 001 0 eng d z 2009027740 z1606924443 (hbk.) z9781606924440 (hbk.) z9781611223453 aCaPaEBRcCaPaEBR a(OCoLC)66950052014aTP359.H8bH936 2009eb04a333.79/6822200aHydrogen fuel perspectivesh[electronic resource] /cIan S. Rubio, editor. aNew York :bNova Science Publishers,cc2009. aviii, 192 p. :bill. (some col.).1 aEnergy policies, politics and prices series aIncludes bibliographical references and index. aElectronic reproduction.bPalo Alto, Calif. :cebrary,d2013.nAvailable via World Wide Web.nAccess may be limited to ebrary affiliated libraries. 0aHydrogen as fuel. 0aHydrogen. 7aElectronic books.2local1 aRubio, Ian S.2 aebrary, Inc. 0aEnergy policies, politics and prices series.40uhttp://site.ebrary.com/lib/rucke/Doc?id=10661646zAn electronic book accessible through the World Wide Web; click to view c65875d65875